| 000 | 00426nam a2200157Ia 4500 | ||
|---|---|---|---|
| 008 | 210716s2004 xx 000 0 und d | ||
| 020 | _a0471630985 | ||
| 041 | _aeng | ||
| 082 | _a657.044 KIED | ||
| 100 | _aKieso, Donald E;Weygandt, Jeryy J;Warfield, Terry D. | ||
| 245 | _aIntermediate accounting. | ||
| 250 | _a11 | ||
| 260 |
_aNew York _bJohn Wiley and Sons _c2004 |
||
| 300 | _axxxii,1331 | ||
| 650 | _aAccounting(657) | ||
| 999 |
_c203060 _d203060 |
||